Statystyki dla Największe miasta UE od A do Z

Kliknij tutaj aby rozwiązać quiz!

Ogólne statystyki

  • Ten quiz został rozwiązany 554 razy
    (209 od ostatniego zresetowania)
  • Średni wynik to 11 z 23

Statystyki odpowiedzi

LiteraLudnośćPaństwoMiasto% Poprawnych
B3 750 000-Berlin
92%
P2 187 000-Paryż
87%
M3 223 000-Madryt
84%
A877 000-Amsterdam
78%
R2 825 000-Rzym
73%
W1 911 000-Wiedeń
69%
H1 845 000-Hamburg
66%
Ł670 000-Łódź
63%
O290 000CzechyOstrawa
62%
F763 000-Frankfurt
57%
Z767 000-Zagrzeb
52%
U311 000HolandiaUtrecht
47%
K1 083 000-Kolonia
46%
N922 000-Neapol
45%
T886 000-Turyn
37%
S1 221 000-Sofia
33%
D620 000-Düsseldorf
30%
E582 000-Essen
29%
L598 000-Lipsk
21%
J318 000RumuniaJassy
19%
I135 000NiemcyIngolstadt
18%
C247 000NiemcyChemnitz
14%
G592 000-Göteborg
13%

Rozkład punktacji

Percentyl według liczby udzielonych odpowiedzi

Procent ludzi z każdym wynikiem

Twoja historia wyników

Nie rozwiązałeś tego quizu od ostatniego zresetowania